000 00812nam a22002297a 4500
005 20100522161738.0
008 100522t xxu||||| |||| 00| 0 eng d
010 _aEN-96151
020 _a8175245751
_c600.00
020 _a9788175245754
_c600.00
035 _aEN-79684
037 _bDBAD/PUB
040 _aDPL
_bEng
082 _a796.342
100 _aSolanki,Vivek
_91558
245 _aTennis :
_cby Vivek Solanki
_bskills & rules /
260 _aNew Delhi
_bKhel Sahitya Kendra
_c2010
270 _a7/26, Ansari Road, Darya Ganj,
_bNew Delhi
_e110002
300 _a337p.:
_c23cm (Hb)
_bill.
942 _2ddc
_cEN
_mSOL
_h796.342
999 _c36292
_d36292